| 000 | 01529nem0a2200277 4500 | ||
|---|---|---|---|
| 001 | RU\NLR\BIBL_A\012779696 | ||
| 005 | 20250624153921.0 | ||
| 035 | _a(NLR Aleph) 012779696 | ||
| 090 |
_a13119269 _c13119269 |
||
| 100 | _a20220505d1925 |||y0rusy50 ca | ||
| 101 | 0 | _arus | |
| 102 | _aRU | ||
| 120 | _abyy xx|| | ||
| 123 | 1 |
_aа _b80000 |
|
| 200 | 1 |
_aСхематическая гео-ботаническая карта Сегежа-Ондского района. _bКарты _fСост. исслед.. партией под рук. К.В. Маляревского в 1925 г _gТопогр. основа по маршрутной съемке лесоустроительному плану той-же партии. |
|
| 206 | _a[ок. 1:80 000, 800 м в 1 см], Граф. м-б в км | ||
| 210 |
_a[Ленинград] _cЧиро М.Ж.Д. _d[1925?] |
||
| 215 |
_a2 к. (1 л.) _cцв. _d82х67 см |
||
| 300 | _aНа л. также: Схематическая гео-ботаническая карта Шурецко Сорокской лесной дачи Кемского уезда А.К.С.С.Р. - 1:80 000 | ||
| 509 | 0 | 1 |
_7ca _aСегежа-Ондский _eКарелия _hрайон _92639188 _3RU\NLR\AUTH\5508216 |
| 607 |
_aКемский район (Карелия) _jКарты _xГеология _9904316 _3RU\NLR\AUTH\66329237 |
||
| 608 |
_aГеоботанические карты _91411259 _3RU\NLR\AUTH\66282994 |
||
| 852 |
_aNLR _bК _j4-Сев 4/58 _m2394 |
||
| 942 | _cMAP | ||
| 980 | _aNB | ||